| 000 -ლიდერი |
| ფიქსირებული სიგრძის საკონტროლო ველი |
00926nam a22002057a 4500 |
| 003 - საკონტროლო ნომრის იდენტიფიკატორი |
| საკონტროლო ველი |
Ge_BSU |
| 005 - ბოლო ოპერაციის თარიღი და დრო |
| საკონტროლო ველი |
20241223161326.0 |
| 008 - ფიქსირებული სიგრძის მონაცემთა ელემენტები - ზოგადი ინფორმაცია |
| ფიქსირებული სიგრძის საკონტროლო ველი |
241223s1946 ge ||||| |||| 00| 0 geo d |
| 041 ## - ენის კოდი |
| Language code of text/sound track or separate title |
geo |
| 080 ## - უნივერსალური ათობითი კლასიფიკაციის ინდექსი |
| Universal Decimal Classification number |
743 : 611 ნ-19 |
| 100 ## - მთავარი ჩანაწერი - პიროვნების სახელი |
| Personal name |
ნათიშვილი, ა.ნ. |
| 9 (RLIN) |
24022 |
| 245 ## - ცნობა სათაურის შესახებ |
| Title |
პლასტიკური ანატომია / |
| Statement of responsibility, etc |
ა.ნ. ნათიშვილი, ა.გ. მალაევი; თბილისის სამხატვრო აკადემია. |
| 264 ## - წარმოების, გამოცემის, დისტრიბუციის და სხვა ცნობები |
| გამოცემის, წარმოების, დისტრიბუციის... ადგილი |
თბილისი : |
| გამოცემის, წარმოების, დისტრიბუციის... სახელწოდება |
სახელგამი, |
| გამოცემის, წარმოების, დისტრიბუციის... თარიღი |
1946. |
| 300 ## - ფიზიკური აღწერა |
| Extent |
295 გვ. : |
| Other physical details |
სურ.; |
| Dimensions |
23 სმ. |
| 504 ## - BIBLIOGRAPHY, ETC. NOTE |
| Bibliography, etc |
ბიბლიოგრაფია: გვ. 292. |
| 653 ## - INDEX TERM--UNCONTROLLED |
| Uncontrolled term |
პლასტიკური ანატომია |
| 653 ## - INDEX TERM--UNCONTROLLED |
| Uncontrolled term |
მედიცინა |
| 700 ## - ADDED ENTRY--PERSONAL NAME |
| Personal name |
მალაევი, ა.გ. |
| Relator term |
ავტორი. |
| 9 (RLIN) |
24023 |
| 942 ## - ADDED ENTRY ELEMENTS (KOHA) |
| Source of classification or shelving scheme |
|
| Koha item type |
წიგნი |